| 000 | 00493nam a2200181Ia 4500 | ||
|---|---|---|---|
| 001 | 17283 | ||
| 005 | 20260306171506.0 | ||
| 008 | 260306s9999||||xx |||||||||||||| ||und|| | ||
| 041 | _aESP | ||
| 082 |
_a657.61 _bI61B |
||
| 100 |
_aInternational Financial Reporting Standards _eAUT |
||
| 245 | 0 |
_aNormas internacionales de información financiera: _bemitidas a 1 de enero de 2014. Parte B |
|
| 260 | _c2014 | ||
| 300 |
_a _c |
||
| 650 | _aGEN | ||
| 654 | _aCCO | ||
| 942 |
_cLIB _dJUS _fJUS _2ddc _n |
||
| 999 |
_c17283 _d17283 |
||